[Event "Solin 7th"]
[Site "Solingen GER"]
[Date "1999.12.17"]
[Round "8"]
[White "Cebalo, Miso"]
[Black "Smirin, Ilia"]
[Result "1-0"]
[WhiteElo "2453"]
[BlackElo "2671"]
[EventDate "1999.12.10"]
[Annotator "Stohl"]
[EventType "tourn"]
[EventRounds "9"]
[EventCountry "CRO"]
[EventCategory "13"]
[Source "ChessBase"]
[SourceDate "2000.04.05"]

{Golden Rule

There's a golden rule about converting an advantage that most non-masters
don't appreciate. They don't appreciate it because they simply don't 
believe it:

It is usually easier to win with a substantial positional advantage than 
with
an equally substantial material advantage.

Amateurs don't believe it because they exaggerate the significance of
material. After all, they can see an extra pawn. A positional advantage is
harder
to detect. As a result they have a difficult time believing the rule in 
positions like
the following.

34,} 
1. d4 Nf6 2. c4 g6 3. Nc3 Bg7 4. e4 d6 5. f4 O-O 6. Nf3 c5 7. d5 e6 8. Be2
exd5 9. cxd5 {Although this position is classified as a Benoni, it even 
more often arises via a 4-pawn King's Indian move order, as in this game.}
9. ... Bg4 {Smirin chooses the most fighting move.} ( 9. ... Re8 {is 
deeply analyzed till the very drawish end.} ) 10. O-O Nbd7 ( 10. ... Nfd7
!? {is a less played, but interesting alternative. Black steps out of the 
possible g4-g5 attacks, frees the long diagonal and plans to develop his 
other N to a6.} 11. Kh1 ( 11. e5 dxe5 12. Nxe5 Bxe2 13. Qxe2 Qe7 ( 13. ...
 Re8!? 14. Qf2 b6 15. Be3 Qe7 =+ ) 14. Re1 Re8 15. Qb5 Nxe5 16. fxe5 a6 
17. Qa4 b5 18. Nxb5 Bxe5 19. Nc7! Bd4+ 20. Be3! Bxe3+ 21. Kh1 Nd7 22. d6 
Qxd6 23. Nxe8 Rxe8 24. Rad1 Qf6 25. Qxd7 +/- {Solak,D-Kovacevic, 
A/Belgrade Nikolic mem/2000/} ) ( 11. a4 Na6 12. Nd2 Bxe2 13. Qxe2 Nb4 14.
 Nc4 Nb6 15. Na3 Re8 16. Qf3 f5 17. exf5 gxf5 18. a5 Nd7 19. Qh3 {Banikas,
H-Pavlovic,M/Aegina/1996/} 19. ... Bd4+ 20. Kh1 Qf6 21. Nab5 Re7 ~ {|^<->e
} ) 11. ... Na6 12. Nb5!? ( 12. h3 Bxf3 13. Bxf3 Rb8 14. a4 Nc7 15. Nb5 
Nb6 16. Nxc7 Qxc7 17. Qc2 Nd7 18. Bd2 b5 19. axb5 Rxb5 20. Bc3 Rfb8 â‡„â‡„
{Michaelsen,N-Nedev,T/Maribor/1995/} ) 12. ... Nb6 13. a4 Qe7 ( 13. ... 
Nc7 âŒ“ ) 14. a5 Nd7 15. Ra3 Nb4 16. e5! dxe5 17. d6 Qd8 18. Nxe5 Nxe5 19.
 fxe5 Bd7 20. Nc7 Rc8 21. Bf4 Nc6 22. a6 bxa6 23. Bxa6 Rb8 24. Qe2 +/- {
[+],Lanchava,T-Djeno,M/ DBL2-W9900/1999/} ) 11. Re1 Re8 ( 11. ... Rb8!? ) 
12. h3 Bxf3 13. Bxf3 Qa5 {Black has three possible moves, but the lines 
can transpose into one another. Basically practice shows the insertion of 
a6 and a4 rather favours White.} ( 13. ... a6 14. a4 c4 15. Be3 Qa5 16. 
Qe2 ( 16. Kh1 Nc5 17. Bxc5 Qxc5 18. e5 dxe5 19. fxe5 Nd7 20. Ne4 Qb6 ( 
20. ... Qb4 21. e6 Ne5 22. exf7+ Nxf7 23. Bg4 Rad8 24. Be6 Rxe6 25. dxe6 
Rxd1 26. exf7+ Kxf7 27. Raxd1 Bxb2 28. Rd7+ â†’ {Flear, 
G-Drabke,L/Aosta/2000/} ) 21. e6 Ne5 22. a5 Qb4 23. exf7+ Nxf7 24. Ra4 Qb5
25. Qc2 Nd6 =, quiet {Feldman,V-Cowley,R/Sydney/1992/} ) 16. ... Rac8 17. 
Qf2 Nc5 18. Bxc5 Qxc5 19. Qxc5 Rxc5 20. e5 dxe5 21. fxe5 Nd7 22. Ne4 Rxd5 
23. Nf6+ Bxf6 24. Bxd5 Rxe5 25. Rxe5 Bxe5 26. Bxc4 Bxb2 27. Rb1 += {
Lautier,J-Sutovskij,E/Tilburg/ 1996/} ) ( 13. ... c4 14. Be3 Qa5 15. Kh1 
Nc5 16. Bxc5 Qxc5 17. e5 dxe5 18. fxe5 Nd7 19. e6 fxe6 20. Rxe6 Ne5 21. 
Qe2 Rad8 22. Bg4 Rxe6 23. Bxe6+ Kh8 24. Ne4 Qe7 25. Rf1 h6 26. Qe3 b6 27. 
Rf4 Rf8 28. Rxf8+ Bxf8 29. b3 b5 =, quiet 30. bxc4 {
1/2,Lautier,J-Temirbaev,S/Elista olm/1998/} ) 14. Be3 b5 ( 14. ... c4!? {
-13...c4} ) 15. a3 Rac8?! {Probably both alternative moves are better-here
the R can later come under a Bg4 attack.} ( 15. ... b4 16. axb4 Qxb4 17. 
Qc2 Nb6 18. Bf2 Nfd7 19. Re2 ( 19. Bg4 Nf8 20. Re2 h5 21. Bf3 Nfd7 22. g4 
hxg4 23. hxg4 g5! â†‘ {Skirpan,S-Wojtkiewicz,A/Fredericksburg/1999/} ) 
19. ... Bd4 20. Kh1 Bxf2 21. Rxf2 c4 22. Re2 a5 23. Bg4 Nf6 24. Qd2 Nxg4 
25. hxg4 Nd7 26. Qd4 Qc5 27. Rd1 Rab8 28. Qxc5 Nxc5 29. Rd4 Nd3 30. Rxc4 
Nxf4 =+ {Lautier,J-Smirin,I/Cap d`Agde EU-ch act/1996/} ) ( 15. ... Nb6 
16. e5 ( 16. Bf2 Nc4 17. Qc2 Nd7 18. Be2 Rab8 19. a4 b4! 20. Bxc4 bxc3 21.
 b3 a6 22. Rec1 Nb6 23. Bf1 c4 24. Bxc4 Nxc4 25. bxc4 Rb2 26. Qd3 Rd2 27. 
Qf3 f5 -/+ {Kozul,Z-Nunn,J/Wijk aan Zee/1991/} ) 16. ... Nc4 âŒ“ ( 16. ...
 dxe5 17. fxe5 Rxe5 18. Bxc5 Rxe1+ 19. Qxe1 Re8 ( 19. ... Nbd7 20. b4 â†‘ 
) 20. Qf2 Nfd7 21. Bb4 Qa6 22. d6 Re5 23. Kh1 Nc4 24. a4 Bf8 25. Rd1 +/- {
o^d,Lalic,B-Zapata,A/Elista olm/1998/} ) 17. exf6 ( 17. Bf2 Nd7 18. e6 
Nxb2 19. exd7 {Vragoteris,A-Tsarouhas,K/Poros/1998/} 19. ... Red8 -/+ ) 
17. ... Nxe3 18. Rxe3 Rxe3 19. fxg7 f5!? ( 19. ... Rae8 20. f5!? â†‘ ) 20.
 Qf1 ~ {1/2, Banikas,H-Leitao,R/WCh U18 Menorca/1996/} ) 16. Kh1! N {This 
useful waiting move forces Black to show his intentions.} ( 16. Bf2 a6 17.
 Kh1 c4 18. Bd4 Re7 19. Re2 Nc5 20. Bxc5 Rxc5 21. e5 Ne8 22. Bg4 Qd8 23. 
Qg1 â†‘ {Kniest, O-Groszpeter,A/Berlin op/1997/} ) ( 16. g4 Nb6!? 17. e5 
Nc4 18. exf6 Nxe3 19. Rxe3 Rxe3 20. fxg7 Rce8 21. Kf2?! b4 22. axb4 Qxb4 
23. Ne2 Qxb2 24. Rxa7 c4 25. Ra6 Rd3 26. Qe1 Ree3 {
0-1,Elbilia,J-Loeffler,S/Cannes/1993/} ) 16. ... Nb6 ( 16. ... c4 17. a4!?
( 17. Bd4 Nc5 18. Bxc5 Rxc5 19. e5 dxe5 20. fxe5 Nd7 21. e6 fxe6 22. Rxe6 
Rcc8 23. Qe2 Ne5 ~ ) 17. ... b4 18. Nb5 += ) 17. Bf2 Nfd7 ( {The 
consistent} 17. ... Nc4 {was dangerous:} 18. Qc2 Nd7 19. Bg4 Rcd8 20. Bh4 
( 20. Bxd7 Rxd7 21. e5! dxe5 22. Bxc5 += ) 20. ... Nxb2!? 21. e5 Nc4 22. 
Bxd8 Rxd8 23. a4 â†‘ ) 18. Qc2 a6 19. Bg4 h5 {><>> This move only helps 
White with a tactical/strategical operation, typical for this line.} ( 
19. ... Rb8!? âŒ“ += ) 20. Bxd7 Nxd7 21. e5! dxe5 22. f5 â†’ Qb6 ( 22. ...
 Nf8!? 23. fxg6 ( 23. Ne4 Qd8 24. Rad1 =/& ) ( 23. Rad1!? ) 23. ... Nxg6 (
23. ... fxg6 24. Ne4 +/- ) 24. Qf5 += ) 23. Rad1 e4? {After this nervous 
attempt to liberate the Bg7 Black's position is probably beyond saving.} (
{Necessary was} 23. ... Qf6! âŒ“ 24. Ne4 ( 24. fxg6 Qxg6 â‡„â‡„ ) 24. ... 
Qxf5 25. Rd3 Qf4 26. Rf3 Qh6 27. Nd6 f5 += {o^d,><Qh6 White should be 
somewhat better, but the outcome of the game remains unlear.} ) 24. Rxe4 
Qd6 ( 24. ... Nf6 25. Rxe8+ Nxe8 26. Ne4! ( 26. b4? Qf6 27. Ne4 Qxf5 28. 
bxc5 Nd6! -/+ ) 26. ... gxf5 27. Ng3 +/- {->} ) 25. Rxe8+ Rxe8 26. Ne4 {
o^d} 26. ... Qf4 27. Nxc5 Be5 ( 27. ... Nxc5 28. Bxc5 ( 28. Qxc5 Re2 
â‡„â‡„ ) 28. ... Be5 29. Bg1 {/\} 29. ... Qxf5 30. Qxf5 gxf5 31. d6 Rd8 
32. d7 Bc7 33. Bc5 +- ) 28. Bg1 Nxc5 ( 28. ... Rc8 29. b4 gxf5 30. Qf2 +- 
) 29. Qxc5 Qxf5 ( 29. ... Bxb2 30. fxg6 fxg6 31. Qc6 +- ) 30. d6 Qd7 31. 
b4 Re6 32. Bh2 Bxh2 ( 32. ... Bf6 33. Qc7 +- ) 33. Kxh2 {/\Qc7+-} 33. ... 
Kh7 34. Rd5! +- {Renews the threat with devastating effect. Black must opt
for desperate flings.} 34. ... Re2 D {Most players would try to solve this
as a 'White to play and win' with
calculation. Some will see that 35 Qc7 looks good. Others will notice that
Blaí¯�í¶£k
can save himself with 35 . . . Qe6 because 36 d7? Qxd5 threatens mate on 
g2.
And many will conclude that the solution is easy because 35 Rxh5+ wins a
pawn. There is only one variation to look at and it runs 35 . . . gxh5 36 
Qxh5+ Kg7
37 Qxe2. The forcing moves end with 37 . . . Qxd6+ 38 Kh1 .
But the experienced player is suspicious of this. It's not the variation 
he
doubts but the evaluation. At the end, after 38 Kh1 , White has no passed 
pawn.
His does have an extra pawn but it's located on the kingside. If White 
does win,
the 'how' - promoting the h-pawn - will take a lot of moves and thinking.
Instead, he played the superior} ( 34. ... Kg7 35. Qc7 Qxc7 ( 35. ... Re7 
36. Qc3+ +- ) 36. dxc7 Rc6 37. Rc5 +- ) 35. Re5 ( 35. Rxh5+? gxh5 36. 
Qxh5+ Kg7 37. Qxe2 Qxd6+ +/- {is naturally already not enough.} ) 35. ... 
Rd2 ( {The main point is that 35 . . . Rxe5
36 Qxe5 enables White to break the blockade at d7 with Qe7 ! .} 35. ... 
Rxe5 36. Qxe5 âŠ™ h4 37. Qe7 Qf5 38. Qxh4+ ( 38. d7? Qf4+ 39. Kg1 Qc1+ 40.
 Kf2 Qd2+ 41. Kf3 Qd3+ =, quiet ) 38. ... Kg8 39. Qd4 +- ) ( 35. ... Ra2 
36. Re7 +- ) 36. Rxh5+! ( 36. Re7? Qxd6+ 37. Qxd6 Rxd6 38. Rxf7+ Kh6 {with
a dead draw.} ) 36. ... Kg8 ( 36. ... gxh5 37. Qxh5+ Kg7 ( 37. ... Kg8 38.
 Qg5+ Kf8 39. Qxd2 {Why is this an easier win? It's not because White has 
two extra pawns, rather
than the one he'd have after Rxh5+?.
No, what matters most is that he kept his d-pawn. That means he can break
the blockade or force a trade of queens after Qd4-c5-c7. The 'how' is much
easier this time. {In fact, the fastest way to win in the first diagram is
Qd4 ! .
That makes Re5 a powerful winning idea now that  . . .Rd2 is not 
possible.)
Note that what mattered was a passed pawn, not necessarily an extra pawn.
Good defenders understand that, too. Let's see how both White and Black 
used
the golden rule in the following example.} ) 38. Qg5+ Kf8 39. Qh6+ Kg8 40.
 Qxd2 +- ) 37. Rd5 Re2 38. Qd4 {/\Rc5-c7,Re5-e7} ( 38. Qc7? Qe6 {/\} 39. 
d7 Rxg2+! 40. Kxg2 Qxd5+ =, quiet ) 38. ... Re6 ( 38. ... Rc2 39. Rc5 +- )
( 38. ... Re1 39. Re5!? +- ( 39. Rc5 Re6 40. Rc7? Qxd6+ =, quiet ) ) 39. 
Qb6 Re2 40. Qxa6 Qe6 41. Qxb5 Rf2 ( 41. ... Qe4 42. Qxe2 Qxe2 43. d7 +- ) 
42. d7 Qe4 ( 42. ... Qe4 43. d8=Q+ Kg7 44. Qg5 +- ) 1-0

[Event "Turin ol (Men) 37th"]
[Site "Turin ITA"]
[Date "2006.05.25"]
[Round "5"]
[White "Kramnik, Vladimir"]
[Black "Aronian, Levon"]
[Result "1-0"]
[WhiteElo "2729"]
[BlackElo "2756"]
[EventDate "2006.05.21"]
[PlyCount "74"]
[EventType "team"]
[EventRounds "13"]
[EventCountry "ITA"]
[Source "ChessBase"]
[SourceDate "2006.07.31"]
[WhiteTeam "Russia"]
[BlackTeam "Armenia"]
[WhiteTeamCountry "RUS"]
[BlackTeamCountry "ARM"]

1. Nf3 Nf6 2. c4 b6 3. g3 c5 4. Bg2 Bb7 5. O-O g6 6. d4 cxd4 7. Qxd4 Bg7 
8. Nc3 d6 9. Rd1 Nbd7 10. Be3 Rc8 11. Rac1 a6 12. b3 O-O 13. Qh4 Rc7 14. 
Bh3 Qb8 15. Bg5 Bxf3 16. exf3 b5 17. Bxd7 Rxd7 18. Nd5 Nxd5 19. cxd5 D Rc7
! {page 116} 20. Rc6! Rxc6 21. dxc6 Rc8 22. Rc1! {The protected passed 
pawn is much
stronger than an extra doubled pawn. Play went} ( 22. Bxe7 Rxc6 23. Qe4! 
Qc8 24. Rxd6 Rxd6 25. Bxd6 {leaves White with another
pawn-up endgame. But it will be very hard to win, perhaps impossible 
against
the best defense.} ) 22. ... e6 23. Bd2 Qc7 {If there were no queenside 
pawns, White would be able to break the
blockade at c7 by means of Qa4 and Ba5 or Qb4-b7.
But as it stands, he was able to make progress with} 24. a4! d5 25. axb5 
axb5 26. Qb4 Rb8 27. Qa3! Bd4 28. Qa6 Be5 29. f4 Bd6 30. Ba5 Qc8 31. Qa7! 
Ra8 32. Qb6 Rb8 33. Qd4 D b4 ( 33. ... Bc7 34. Bxc7 Qxc7 35. Rc5 ) 34. c7 
Ra8 ( 34. ... Rb7 35. Qf6! Bxc7 36. Qe5! ) 35. Qb6 Bf8 36. Bxb4 Bxb4 37. 
Qxb4 Qe8 1-0

[Event "Karlsbad"]
[Site "Carlsbad CZE"]
[Date "1923.05.09"]
[Round "9"]
[White "Rubinstein, Akiba"]
[Black "Tarrasch, Siegbert"]
[Result "1-0"]
[WhiteElo "2620"]
[BlackElo "2553"]
[EventDate "1923.04.??"]
[PlyCount "89"]
[EventType "tourn"]
[EventRounds "17"]
[EventCountry "CSR"]
[Source "ChessBase"]
[SourceDate "1999.07.01"]

1. d4 d5 2. c4 e6 3. Nc3 c5 4. cxd5 exd5 5. Nf3 Nc6 6. g3 Nf6 7. Bg2 Be7 
8. O-O O-O 9. Bg5 Be6 10. dxc5 Bxc5 11. Ne1 d4 12. Bxf6 Qxf6 13. Ne4 Qe7 
14. Nxc5 Qxc5 15. Nd3 Qb6 16. Nf4 Qxb2 17. Nxe6 fxe6 18. Rb1 Qxa2 19. Rxb7
Qa6 20. Qb3 Nd8 21. Rd7 Rc8 22. Qb2 e5 23. Ra1 Qf6 24. e3 dxe3 25. fxe3 
Nc6 26. Qd2 Nb8 27. Rdxa7 Rcd8 28. Qe2 h6 29. Be4 Rd7 30. Ra8 Rdd8 31. Rf1
Qd6 32. Rxf8+ Rxf8 33. Kg2 Qb4 34. Qd3 Kh8 35. Ra7 Qb2+ 36. Kh3 Qb6 37. 
Ra8 Rd8 38. Qc4 Nd7 39. Qc6 Rxa8 40. Qxa8+ Nb8 D {Positional, Not Material

There are many, many examples of that: A passed pawn - a positional
advantage - turns out to be superior to an extra pawn - a material 
advantage. Yet
the golden rule is difficult for many amateurs to accept. Part of the 
reason is that
they 're confused by the somewhat vague, somewhat imposing word
'positional ' . If we replaced it with 'non-material ' they'd have an 
easier time
grasping positions like the following.

White has a big positional - sorry, a big 'non-material' - edge because
of his superiority on light squares. A master sitting in White's chair 
will try
shifting his pieces around and around because it's so hard for Black to 
defend
h7 and g8.
He doesn't have to calculate long variations to determine whether there is
a
forced win. He feels there is a likely win. As long as he can keep making
credible threats, that's enough for him to continue with confidence.
White began with} 41. Qd5 Qc7 ( 41. ... Qf6 {This natural move meets both
threats but leaves the knight unprotected. White would reply} 42. Qb5! 
Qe6+ 43. g4 ) 42. Bf5! Nc6 {But with such a huge positional edge - those 
light squares! - White !lhould
be able to make progress with simple threats. The one he chose was} 43. 
Qc4 Qd6 44. Qf7! Qd8 45. Qg6 1-0

[Event "Riga"]
[Site "Riga LAT"]
[Date "1959.12.13"]
[Round "7"]
[White "Mikenas, Vladas"]
[Black "Sliwa, Bogdan"]
[Result "1-0"]
[WhiteElo "2511"]
[BlackElo "2452"]
[EventDate "1959.12.05"]
[PlyCount "79"]
[EventType "tourn"]
[EventRounds "13"]
[EventCountry "URS"]
[Source "ChessBase"]
[SourceDate "1999.07.01"]
[WhiteTeamCountry "DDR"]
[BlackTeamCountry "POL"]

1. c4 Nf6 2. Nc3 e6 3. e4 d5 4. e5 d4 5. exf6 dxc3 6. bxc3 Qxf6 7. d4 c5 
8. Nf3 h6 9. Be2 cxd4 10. cxd4 Bb4+ 11. Bd2 Bxd2+ 12. Qxd2 O-O 13. O-O Rd8
14. Qe3 Nc6 15. Rfd1 b6 16. Ne5 Bb7 17. Bf3 Nxe5 18. dxe5 Qe7 19. Bxb7 
Rxd1+ 20. Rxd1 Qxb7 D {But usually the player with a positional - as 
opposed to material -
advantage, will avoid trades. A master would know, for instance, that a 
trade of
either the rooks or queens would vaporize White's winning chances in the
following position.

White controls more space. What 'controls more space' really means is that
White can put his pieces safely on a lot more squares than Black. Most of 
those
squares are on the kingside, where . . . h6 is a slight weakening.
It's true that White has weaker pawns than Black, at a2 and c4. But, one
more time, a king counts more. From experience White knew that the most 
important factor in a heavy-piece ending is king vulnerability.
Therefore, White's non-material advantage means his best winning chance
lies in a kingside attack, beginning with} 21. Rd4! Rc8 22. h4! {White 
uses his rook to defend his c-pawn, maintain control o f the d-file and
prepare for an assault on g7. He followed this with a luft-move that is 
also
invaluable to his attack. Then came} 22. ... Qc7 23. Qg3 D {Only two and a
half moves have been played since the previous diagram but
White's winning chances are much more visible. He will play Rg4 and meet
... g6 with h4-h5. One way or another, the kingside will be opened up.
Black's problems aren't solved by 3 . . . f5 , for example, because White 
can
build up with Kh2. f2-f4, h4-h5, Qg6 and Rd6.
He made a different concession} 23. ... h5 {The pawn can't last long on 
h5.
After 24 Qg5 g6 White could blast open the kingside with 25 g4 hxg4 26 
Rxg4 and  27 h5 .
Instead, Black sought counterplay on the other wing, and the game went} 
24. Qg5 Qc5 25. Rf4 Qa3 26. Kh2 Qxa2 27. Qxh5 Rf8 28. Qd1 Qa5 29. Qe2 Rd8 
D {The most natural way of continuing is to advance his pawn to h5 and 
double
the heavy pieces against g7. This takes a while to execute but Black found
no
defense. The game went} 30. h5! Qd2 31. Qg4 Qe1 32. Qg5 Rd1 33. Rg4 Qg1+ 
34. Kg3 g6 35. hxg6 f5 36. exf6 Rd3+ 37. f3 Qe1+ 38. Kh2 Rd1 39. f7+ Kg7 
40. Qh6+ 1-0

[Event "Stockholm"]
[Site "Stockholm SWE"]
[Date "1962.01.21"]
[Round "7"]
[White "Botvinnik, Mikhail URS"]
[Black "Lundin, Erik"]
[Result "1-0"]
[WhiteElo "2699"]
[BlackElo "2482"]
[EventDate "1962.01.14"]
[PlyCount "69"]
[EventType "tourn"]
[EventRounds "9"]
[EventCountry "SWE"]
[Source "ChessBase"]
[SourceDate "2000.11.22"]
[WhiteTeamCountry "GER"]
[BlackTeamCountry "NED"]

1. c4 e5 2. Nc3 Nf6 3. g3 d5 4. cxd5 Nxd5 5. Bg2 Nb6 6. Nf3 Nc6 7. O-O Be7
8. a3 Be6 9. d3 f5 10. b4 Bf6 11. Bd2 O-O 12. Rc1 Kh8 13. b5 Na5 14. Rb1 
e4 15. Ne1 Nac4 16. dxc4 Nxc4 17. Nxe4 fxe4 18. Bb4 Re8 D {Material 
Imbalance
When material is not equal but only slightly out of balance, positional
advantages usually decide the outcome. This is most evident when a player
gives up the Exchange for one or two pawns.
If it's a difference of one pawn, the player with the rook is marginally 
ahead.
If it's two pawns, the other player holds an equally small edge. In either
case,
the edge may not be enough to win without positional plusses. Few people
understood that better than the sixth world champion, Mikhail Botvinnik.

White's previous moves were designed to grab on e4. But he can't keep an
extra pawn because after 18 Bxe4 Black will reply 18 . . . Bh3, 
threatening both
18 . .. .Rxf1 and 18 . . . .Rxe4.
White does have a defense to both threats, 19 Bg2. But then 19 . . Qxd1 20
Rxd1 Bxg2
21 Rxd Bxg2 and 22 . . .Rxe2 reestablishes material equality.
So this amounts to a critical moment. White has to decide whether he has
good winning chances after 22 Nxg2 .Rxe2 23 Rd7. Sure, he has the better 
position
but is it enough?
Botvinnik saw a way to get a much more significant positional advantage by
creating slight material imbalance. He played
} 19. Bxe4 Bh3 20. Qc2! Bxf1 21. Kxf1 D {White is certain to win a second 
pawn, at h7 or b7. But what is much more
important is that by eliminating Black's bishop, he dominates the light 
squares.
Black will be unable to use his rooks because he has to worry about 
kingside
mating threats directed at the h7 target.
Black found the best defense,} 21. ... Nd6 22. Bxd6 Qxd6 {That gave White 
a
choice of which pawn to capture. A good argument can be made in favor Bxb7
Rab8 6 Bc6 followed by 7 a4, to keep his two extra pawns.
But that still leaves the 'how' question. Creating a passed pawn on the
queenside doesn't seem possible.
That's why White chose} 23. Bxh7! Rad8 24. Nf3 {This is easier to win 
because of the inability of Black's rooks and bishop to
defend his light-square weaknesses, such as at g6 and h7. For example,
24 . . . Qxa3? allows 25 Bg6 and Qf5 or 25 Qf5 followed by 26 Bb6 with a 
threat of
i.g6+.
Aside from tactics like that, White has a totally riskless winning plan of
pushing the e-pawn. This unfolded with} 24. ... Rf8 25. Bg6 Qe6 {Once 
again we see how the absence of counterplay allows a player to take
his time. White played} 26. Kg2 Rd5 27. e4! Rd6 28. Rb4! Be7 ( 28. ... Bd8
29. Bf5 Qe8 30. e5 ) 29. Bf5 Qh6 30. Rc4 Bd8 31. e5 Rd5 32. Nh4 Rd2 33. 
Qc3 Kg8 34. Rf4 Rd5 35. Qf3 {Many players think that the best way to learn
what it takes to win a game is
to lock themselves in a room with endgame books. Bad idea.


Better idea: Find games in which one side wins after creating a slight
material imbalance, like Exchange-for-pawn. These games, if they're not 
ju!"t
sacrificial mating attacks, will underline the importance of positional
advantages. Some databases will allow you find lots of games like that. 
They
should be excellent study material.} 1-0